000 00989nam a22003017a 4500
003 CHAP
005 20220329135816.0
008 971013s1981 r 00010 d
010 _a42560
011 _a43532
035 _a47668
040 _cCHAP
082 _a333.0972
_bM59
110 _aMéxico. Dirección General de Procedimientos Agrarios
_977034
245 _aModelo de reglamento para autoridades ejidales y comunales
260 _a(México, D.F.) :
_bLa Dirección,
_c(1981)
300 _a89 p
590 _aBATCH-UPD
_b10
_c20130110
_lUCH01
_h0257
590 _aBATCH-UPD
_b10
_c20130110
_lUCH01
_h1827
590 _aBATCH-UPD
_b10
_c20130409
_lUCH01
_h2328
590 _aBATCH-UPD
_b10
_c20130913
_lUCH01
_h2137
590 _aCONVERSION
_b10
_c20130109
_lUCH01
_h1323
650 1 4 _aAgricultura cooperativa
_xMéxico.
_91975
650 1 4 _aEjidos
_zMéxico.
_936039
901 _aBK
942 _cLIBRO
949 _a333.0972 M59
_bBC
_cLIBRO
_d33724000340287
_eLIBRO
_h57679
_i47668
_mD
_si
999 _c42560
_d42560